[Event "Athens Acropolis"]
[Site "Athens"]
[Date "2003.09.01"]
[Round "8"]
[White "Mastrovasilis, Dimitrios"]
[Black "Atalik, Suat"]
[Result "1/2-1/2"]
[WhiteElo "2493"]
[BlackElo "2599"]
[Annotator "Atalik,S"]
[PlyCount "152"]
[EventDate "2003.08.25"]
[EventType "tourn"]
[EventRounds "9"]
[EventCountry "GRE"]
[EventCategory "12"]
[SourceTitle "CBM 097"]
[Source "ChessBase"]
[SourceDate "2003.11.11"]
[SourceVersion "1"]
[SourceVersionDate "2003.11.11"]
[SourceQuality "1"]

1. e4 e6 2. d4 d5 3. Nc3 Bb4 4. e5 c5 5. Bd2 {I could never understand this
move and also people who play this move.} Ne7 6. Nb5 Bxd2+ 7. Qxd2 O-O 8. f4
Nbc6 9. Nf3 {He does not go for the pawn at once.} (9. dxc5 b6 (9... f6 10. Nf3
(10. exf6 Rxf6 11. Nf3 b6 12. cxb6 Qxb6 13. c3 Ng6 14. g3 e5 $40) 10... fxe5
11. fxe5 Nf5 12. O-O-O (12. Bd3 $2 Nh4 13. Nbd4 (13. O-O-O Nxf3 14. gxf3 Nxe5
$17) 13... Nxd4 14. Nxd4 Nxg2+ 15. Qxg2 Qh4+ 16. Qg3 Qxd4 17. Rg1 Rf7 18. O-O-O
Qf4+ 19. Qxf4 Rxf4 $17) 12... Nh4 13. Nxh4 Qxh4 14. Qe3 Bd7 15. Nd6 b6 16. Bb5
bxc5 17. Bxc6 Bxc6 18. Qxc5 Be8 $44) 10. cxb6 Qxb6 $44) 9... Nf5 $5 $146 {
I was trying to force 10.dc5 b6.} (9... a6 10. Nd6 Nxd4 11. Nxd4 cxd4 12. Bd3
Qb6 13. O-O Bd7 14. Qf2 f5 {Dean-Vaganian,Groningen 1999.} 15. c3 Nc8 16. Nxc8
(16. Qxd4 Qxd4+ 17. cxd4 Nxd6 18. exd6 Bc6 {is the idea for black.}) 16...
Raxc8 17. cxd4 Bb5 $17) 10. Bd3 $5 {Coffee Machine comes up with a great idea
and continues the game in gambit style.} (10. dxc5 b6 11. Qf2 d4 12. cxb6 Qxb6
13. c3 Rd8 $1 $44) 10... Ncxd4 {I went for the pawn.} (10... a6 $5 11. Bxf5
axb5 12. Bd3 (12. Bxh7+ $6 {The sacrifice is not that good,} Kxh7 13. Ng5+ Kg8
14. Qd3 Re8 15. Qh7+ Kf8 16. Qh8+ (16. Qh5 Qc7 (16... Qa5+ $2 17. c3 Nd8 18.
Qh4 cxd4 $140 $2 19. Nh7+ Kg8 20. Nf6+ $1) 17. Qh8+ Ke7 18. Qxg7 Nxd4 19. Qxf7+
Kd8 20. Qg6 Qe7 $17) 16... Ke7 17. Qxg7 Kd7 $1 18. c3 b4 $40) (12. Bh3 c4 $13)
12... c4 13. Be2 b4 14. O-O f6 $13) 11. Nbxd4 Nxd4 12. Nxd4 cxd4 13. O-O {
This tame move gave me a surprise.} (13. Qb4 Bd7 14. O-O-O Qb6 15. Qxb6 axb6
16. a3 f6 $36) (13. O-O-O Bd7 14. Qf2 $1 (14. Qb4) 14... a6 $1 $132 ({My queen
should not leave d8-h4 diagonal.} 14... Qb6 $2 15. Qh4 h6 16. g4 $16 {gives
white a practically irresistable attack.})) 13... Qb6 14. Rf3 $6 {He could
have forced a draw. Instead he goes for an all out attack.} (14. Qf2 Bd7 15.
Qh4 g6 16. Rf3 Qd8 17. Qf2 Qb6 $11) 14... f5 15. exf6 Rxf6 16. Rh3 {He has to
hurry in his attack.} (16. Qf2 $6 Rh6 $1 17. g4 Bd7 18. g5 Rh5 $17) 16... h6
17. g4 Qc7 $1 {Probably he missed this one.} 18. Rf1 e5 19. fxe5 $1 {He reacts
well before things go ugly for him.} (19. f5 $2 Bd7 20. g5 hxg5 21. Qxg5 Raf8
$19) 19... Rxf1+ 20. Bxf1 Qxe5 $2 ({I should have showed some patience with} 
20... Bxg4 $1 21. Rg3 Be6 22. Qxh6 Qxe5 23. Qg5 Qxg5 24. Rxg5 Kf7 25. Bd3 Rh8
$17) 21. Rh5 $1 {Once again white is back in the game.} (21. Rg3 $6 Be6 22. g5
h5 $17) 21... Qf6 {Only chance to continue the game.} (21... Qe3+ 22. Qxe3 dxe3
23. Be2 d4 24. Rd5 Be6 25. Rxd4 Bxa2 26. Re4 Bb1 27. Rxe3 Bxc2 28. Bf3 {
White equalizes with that} Rf8 29. Bxb7 Rf4 30. h3 Rb4 31. Bd5+ Kh7 $11) 22.
Rxd5 Bxg4 23. Qxd4 {Draw offer.} Qg6 24. Rd6 (24. Rd8+ $2 Rxd8 25. Qxd8+ Kh7
26. Bd3 Bf5+ 27. Kf2 Bxd3 28. cxd3 Qf7+ $17) 24... Be6+ 25. Kh1 {He has chosen
another risky move} (25. Bg2 Re8 26. Qe4 Qf6 $36) 25... Qf5 26. Rd8+ $4 {
All of a sudden he collapses also in an unexpected way. This guy really makes
the things happen over the board.} (26. Bg2 Re8 27. Rd8 Rxd8 28. Qxd8+ Kf7 29.
Qc7+ Kf6 $13) 26... Kf7 27. Bd3 {Once again we have a crise over the board.
Actually with my next move I have made it quite a crise.} Rxd8 {After 45
minutes of thought. I have made a lot of calculations and decided that the
bishops ending is winning and the Q+B vs Q+B type of position with the extra
pawn contains some attacking chances for white.} (27... Qf3+ 28. Kg1 Qd1+ 29.
Kf2 Qd2+ 30. Kf3 $8 (30. Kg3 Qg5+ $19) (30. Kg1 Qg5+ $19 {both loses Rd8.})
30... Rxd8 31. Qxd8 Qxh2 32. Bh7 {I was ticked of by this move. However black
could exchange the queens by force in this continuation.} (32. Qd4 $142 {
is the best under circumstances.} g5 33. Bc4 Bxc4 34. Qxc4+ Kf6 $19) 32... Qh5+
33. Kg3 (33. Ke4 Qe2+ 34. Kf4 Qf2+ $19) 33... Qe5+ $1 $19 {and wherever he
goes black exchanges queens.} (33... Qg5+ 34. Qxg5 hxg5 35. Be4 $17)) 28. Qxd8
Qd5+ {So I was heading towards what I have calculated to be winning for black.}
(28... Bd5+ $6 29. Kg1 Qg4+ 30. Kf2 Qf4+ 31. Ke1 Bc6 32. b3 $15) 29. Qxd5 Bxd5+
30. Kg1 Bxa2 {Remember Spassky-Fischer,Rejkjavik(WChm-01)1972 ?} 31. b3 Kf6 (
31... Bb1 $2 32. Kf2 Kf6 (32... g5 33. Ke3 h5 34. Kd2 g4 35. Kc1 Bxc2 36. Kxc2
h4 {can only be better for white.}) 33. Ke3) 32. Kf2 Ke5 $1 {One should not be
afraid about the fate of Ba2.} (32... a5 33. Ke3 a4 (33... Ke5 $1 {transposes
to the text.}) 34. bxa4 Ke5 35. a5 $1 $11) 33. Ke3 a5 34. Bg6 (34. Kd2 Kd4 $1 (
{Of course} 34... a4 $6 35. Kc3 axb3 36. cxb3 Bxb3 37. Kxb3 g5 $11) 35. c3+ Ke5
36. Kc2 a4 37. bxa4 Bd5 $1 {And his king is out of the center.}) 34... a4 35.
bxa4 b6 $1 {So everything has developped like I have foreseen.} 36. Kd3 Kd6 37.
Kd4 Be6 38. c3 Bd7 39. Bc2 g5 {I have thought that after I produce a g passer
in kings wing, my king would switch to the other flank and collect one of his
two pawns there. These two phases became real in the game. However the
following phase which is consisted by picking up the b pawn and advancing mine
own failed.} 40. Bd1 (40. Ke4 h5 41. Bd1 h4) 40... Be8 41. Bc2 h5 42. Bd1 h4
43. Ke4 Bg6+ 44. Kd4 Bf5 {Birth of g passer is apperant.} 45. Be2 g4 46. Ke3
Ke5 47. Bb5 Be4 {Now I had to apply second phase.} (47... Be6 48. Be2 Bd7 49.
Bd1 g3 (49... Kd5 50. Kf4 Kc4 51. Bxg4 Bxg4 52. Kxg4 Kxc3 53. Kxh4 Kb4 54. Kg5
$11) (49... Kf5 50. Bc2+ Kg5 51. Kf2 Kf4 52. Bd1 $11) 50. hxg3 hxg3 51. Bc2 Bc6
52. Ke2 Kf4 53. Bb3 Bg2 54. Bc4 Ke5 55. Ke3 Bd5 56. Bb5 Kd6 57. c4 Bc6 58. Ba6
Kc5 59. Ke2 Kb4 60. Kf1 Kxa4 61. Bc8 $11) 48. Bd7 g3 49. hxg3 hxg3 50. Bb5 Kf5
51. Bd7+ Kg5 52. Ke2 {He has occupy g1 square by his king otherwise my king
landing to h2 is lethal.} Kf4 (52... Bg2 53. Be6 Bc6 54. Kf1) 53. Bb5 Bf3+ 54.
Kf1 Ke3 55. Kg1 Be4 {This  looks winning for black besides now black is about
to win a pawn by force.} 56. c4 Kd4 57. Kf1 Kc5 58. Kg1 Bc6 59. Ba6 Kb4 {
Here falls the pawn but unfortunately it is still drawish.} 60. Kf1 Kxa4 61.
Bc8 Kb4 62. Be6 Kc5 63. Kg1 Be4 64. Bf7 Bd3 {Now the third phase comes in. I
have to exchange my expanded g passer with his c and try to pushmy b pawn deep.
} ({The other idea with implanting the pawn on g2 and setting up Bf1 with the
aim to return with the king and picking up c4 by bishop and return and protect
g2 fails as well because of stalemate.} 64... Kd4 65. Be6 Ke3 66. Bf7 g2 67.
Be6 Kf3 68. Bd5 Kf4 69. Be6 Kg3 70. Bd5 Bf3 71. Be6 Be2 (71... Be4 72. Bd5) 72.
Bd5 Bf1 73. c5 $1 bxc5 74. Bxg2 $11) 65. Kg2 Bxc4 66. Be8 $8 Bb5 67. Bf7 Bc6+
68. Kxg3 b5 69. Kf2 Kd4 70. Ke2 Kc3 71. Kd1 $11 {There is no way of winning
this.} b4 (71... Be4 72. Kc1 Bd3 73. Be6 Bc4 74. Bf5 b4 75. Bc2 $11) (71... Kb2
72. Kd2 b4 73. Be6 Ba4 74. Bd5 Bb3 75. Be4 Ba2 76. Bd3 $11) 72. Kc1 Ba4 73. Be6
Bb3 74. Bf5 Bc4 75. Bc2 b3 76. Bxb3 Bxb3 1/2-1/2

[Event "Sigeman & Co 21st"]
[Site "Malmo"]
[Date "2013.05.24"]
[Round "3"]
[White "Hector, Jonny"]
[Black "Berg, Emanuel"]
[Result "0-1"]
[WhiteElo "2512"]
[BlackElo "2561"]
[Annotator "Berg,E"]
[PlyCount "70"]
[EventDate "2013.05.22"]
[EventType "tourn"]
[EventRounds "7"]
[EventCountry "SWE"]
[EventCategory "15"]
[SourceTitle "CBM 155"]
[Source "ChessBase"]
[SourceDate "2013.07.16"]
[SourceVersion "1"]
[SourceVersionDate "2013.07.16"]
[SourceQuality "1"]

1. e4 e6 2. d4 d5 3. Nc3 Bb4 4. e5 c5 5. Bd2 {I have had quite a number of
French duels as Black against Hector through the years, always playing the
Winawer.} Nh6 {I played this hoping it would be a slight surprise, although I
had played it a few times previously} ({The main move} 5... Ne7 {has been my
choice in our previous encounters.} {However after} 6. a3 Bxc3 7. Bxc3 Nbc6 8.
Nf3 cxd4 9. Nxd4 Nxe5 10. Nxe6 Bxe6 11. Bxe5 {as Hector is used to play White
has a solid position with very few chances to win for Black.}) 6. Nf3 {This is
not one of the most common moves but definitely one that deserves serious
attention} ({Two days earlier in the same Tournament Hector played} 6. Nb5 {
in Hector,J (2512)-Short,N (2681) Malmo 2013. Although the game ended ina draw
it was Black pressing all the way.}) 6... Nc6 {This is the standard move which
I assume is mostly played without much reflection as to alternatives. It's a
bit hard to call it a mistake but I personally find it slightly less accurate
than} (6... cxd4 7. Nxd4 Nc6 {which avoids the annoying Qxd4 that happened in
the game.}) 7. Bxh6 $1 {White correctly gives away his dark squared bishop to
achieve a better pawn structure and quick development.} gxh6 8. Bb5 ({A very
solid alternative is} 8. a3 {when} Bxc3+ 9. bxc3 Qa5 10. Qd2 cxd4 11. cxd4
Qxd2+ 12. Kxd2 Bd7 {leads to a pretty balanced endgame. Black has a doubled
h-pawn but can get active counterplay on the queenside by ...Rc8 and ...Na5
playing against White's backward c-pawn and the weakened square c4. Black
might also consider ...Ke7 and possibly ...f6 to create counterplay in the
centre.}) 8... Qa5 (8... cxd4 9. Qxd4) 9. O-O $1 {This is indeed a pawn
sacrifice. However grabbing a pawn for the price of the dark-squared bishop is
a very high price. That would result in a position where Black is seriously
weakened on the dark squares.} (9. Qd2 cxd4 10. Nxd4 Bd7 11. Bxc6 bxc6 12. O-O
Bf8) 9... cxd4 $146 ({This position has been seen only once before when Black
went astray with} 9... Bd7 $2 {in Gusain,H (2170)-Praveen Kumar,C (2395)
Bhiwani 2010.} {Here White should have gone for the straightforward} 10. Nxd5
$1 exd5 11. Bxc6 $16 {followed by a3 leading to a clear advantage for White.})
(9... Bxc3 10. Bxc6+ bxc6 11. bxc3 Qxc3 {is well met by the simple} 12. Re1 $14
{slowly building up White's position. White has definite positional
compensation and might also achieve tactical chances as the game proceeds.
Black naturally would like to exchange on d4 and follow up with ...c5 but this
is easier said than done.}) 10. Qxd4 (10. Nxd4 Bd7 11. Bxc6 bxc6 {is also
interesting although this is the kind of position that Black is hoping for.
Now one idea is simply to go back with ...Bf8 next defending h6 and relying on
the pair of bishops. If Black can manage to play ...c5 he should be doing fine.
}) 10... Bd7 (10... Qxb5 {simplyfies to an endgame after} 11. Nxb5 Nxd4 12.
Nfxd4 {when Black is pretty solid but bascally it's White having all the fun
while Black has to sit and wait and on a good day defend to a draw.} ({The
simple} 12. Nbxd4 {is also good enough giving White a very comfortable grip on
the dark squares.})) 11. Qh4 {Hector usually always goes for the most
ambitious move now with the aim of preventing long castling for Black.} ({
The alternative} 11. Qe3 {was perhaps objectively better but also offers Black
more freedom.} Rg8 12. Bd3 (12. Bxc6 bxc6 13. Ne2 Bf8)) 11... Rg8 $6 {A
seemingly logical move but after White's next it becomes clear that Black does
not have much counterplay at all.} (11... Bxc3 {gives White a lot of play on
the dark squares but still looks best following} 12. Bxc6 bxc6 (12... Bxc6 13.
bxc3 Qxc3 ({I also consiered} 13... d4 14. Nxd4 (14. cxd4 Rg8 {gives Black
excellent counterplay along the g-file and the a8-h1 diagonal.}) 14... Qxe5 {
but although the material is balanced and rather limited White is clearly
better after} 15. Nxc6 bxc6 16. Qxh6 $16 {when Black is struggling with his
king's safety for the rest of the game.} Rg8 (16... Qxc3 17. Rab1 Rc8 (17...
O-O-O 18. g4 (18. Qf4)))) 14. Nd4 {Securely blocking the important d4-square
and basically killing the bishop on c6. Black is reasonably solid and a pawn
up. However this kind of position did not at all appeal to me. Best now seems}
Qd2 $1 {intending ..Qg5 and ..Rg8.} (14... Rg8 15. Rad1 $36)) 13. bxc3 Qxc3 {
Black now has a slightly shaky position in view of his vulnerable king and the
blocked bishop on d7. However this bishop has great potential if Black gets
time to play ...c5 and ...d4 later. Thus White needs to act rather quickly and
energetically in order to keep his advantage. A few possible lines are} 14.
Qxh6 (14. Rab1 Rg8 15. Rb3 Qxc2 16. Rfb1 $36) (14. Qf6 Rg8) 14... Qxc2 (14...
Rg8 $6 15. Qxh7 O-O-O 16. Qd3 $16) 15. Rac1 (15. Qg7 Rf8 16. Rab1 Qg6 17. Qf6
Rg8 18. g3 Qxf6 19. exf6 Rg6 (19... O-O-O 20. Ne5 Kc7 21. f4 (21. Rb3 Rb8 22.
Ra3 Rb7) 21... Rb8 $36) 20. Ne5 Rxf6 21. Rb7 Bc8 (21... Rd8 22. Rxa7 (22. Rc1
Rf5 23. f4 f6 24. Nd3 e5 25. g4 e4 26. Re1 (26. gxf5 exd3 27. Kf2 d2 28. Rd1)
26... Kf8 27. Rxd7 Rxd7 28. Nc5 Rxf4) 22... c5 23. Rb1 Rf5 24. f4 f6 25. Nd3 (
25. Nxd7 Rxd7 26. Rxd7 Kxd7 27. a4 c4 (27... d4) 28. a5)) 22. Rc7 Rf5 (22...
Kd8 23. Rxc6 Rf5 24. f4)) 15... Qg6 16. Qe3 $36 O-O 17. Qc5 $36 {White's dark
square control and the blocked bishop on d7 fully compensate for the pawn
deficit}) 12. Bd3 Bxc3 ({I also investigated} 12... Be7 $5 {during the game.
With this move Black searches for active counterplay while keeping his pair of
bishops. A possible line is} 13. Qxh6 Qb4 {threatening not only b2 but also ...
Rxg2+ followed by ...Qg4 or ...Qg4 at once.} 14. Ne2 $1 O-O-O (14... Qg4 15.
Ng3 $14) 15. h3 $1 {A clever move preventing Black from geting to the kingside
by ...Qg4.} Qxb2 16. Rfb1 Qa3 17. Rb3 $40 {White has a great initiative with
attacking chances on the quenside.}) 13. bxc3 Qxc3 {Threatening the pawn on e5
but more importantly aiming for an exchange of queens by ...Qb4.} 14. Qf6 $1 {
Defending both the e5-pawn and the exchange of queens by ...Qb4.} (14. Rfe1 Qb4
15. c4 $1 {was perhaps even stronger.} {There might follow} b5 16. Rab1 Qe7 17.
cxd5 Qxh4 18. Nxh4 exd5 19. Rxb5 $14 {White favourable pawn structure gives a
slight edge but from Black's perspective at least the queens are exchanged.})
14... Nd4 15. Nxd4 (15. Kh1 $5 {is an interesting approach.} {Now my intention
was to play} Nxf3 16. gxf3 Bc6 (16... Rc8 17. Rg1 Rg6 {is strongly met by the
surprising} 18. Rxg6 $1 hxg6 19. Rg1 $18 {when Black cannot resist against the
brutal attack, e.g.} g5 (19... Ba4 20. Bxg6 $18) 20. f4 $18) 17. Rg1 Rg6 $1 {
when after the exchange sacrifice Black is absolutely fine. However as pointed
out by Ulf Andersson here the bishop on d3 is stronger than the rook so White
should rather go for} 18. Rxg6 $1 (18. Bxg6 hxg6 $11) (18. Qh8+ Ke7 (18... Kd7)
19. Qxa8 d4 20. h4 Bxf3+ 21. Kh2 Qd2 22. Bxg6 Qf4+ 23. Kh3 fxg6 $1 (23... hxg6
$4 24. Rg3 g5 25. hxg5 hxg5 26. Qh8 $18) 24. Rg3 (24. Rg2 $4 g5 $19) (24. Qh8
Qf5+ 25. Kh2 Qf4+ $11) 24... g5 25. Rxf3 Qxf3+ 26. Kh2 Qxf2+ 27. Kh1 Qf3+ $11)
18... hxg6 19. Rg1 d4 20. Rg4 (20. Rg3 $6 Qa3 $1 21. Bxg6 fxg6 22. Qxg6+ Kd8
23. Qf7 Be8 24. Qxb7 Rc8) 20... Qb4 21. Rf4 Qe7 22. Qh8+ Qf8 23. Qh7 O-O-O (
23... Qe7 24. Bxg6) 24. Rxf7 Qc5 25. Qxg6 Qxe5 26. Qxh6 $14 {[%csl Gh2]}) 15...
Qxd4 16. Bxh7 (16. h3 Rc8) 16... Rg5 17. Qh8+ {Restricts Black from castling
in the future.} Ke7 18. Qf6+ (18. Qxa8 $2 Rxg2+ 19. Kxg2 Qg4+ 20. Kh1 Qf3+ $11
{with perpetual checks.}) 18... Ke8 19. Rfe1 Rc8 20. Bd3 Qg4 21. g3 Bc6 22.
Rab1 (22. f4 Rg8 23. f5 Qd4+ 24. Kf1 Qg4 25. Re2 Rc7 26. Rf2 $14) (22. f3 $5)
22... d4 23. Bb5 $2 {A clear mistake. Although Black's bishop on c6 might look
a bit scary there is not much trouble it can create. On the other hand White's
bishop on d3 is an important defender of the squares f5 and g6. This exchange
of bishops clearly helps Black who is now on playing without any particular
problems.} (23. Rb4 $1 {would maintain an advantage for White.} Qf3 (23... Rd8
24. c3 $14 (24. Rxb7 $5 Bxb7 25. Bb5+ Rd7 26. Bxd7+ Kxd7 27. Qxf7+ Kc8 28. Qe8+
Kc7 29. Qe7+ Kc8 $11)) 24. Qxf3 Bxf3 25. Rxd4 Rc5 26. Re3 Rg4 27. Rxg4 Bxg4 28.
f4 $14) 23... Bxb5 24. Rxb5 b6 25. Qh8+ $6 {One first step in the wrong
direction is followed up with another one.} ({In order to keep the balance
White needed to find the creative} 25. Rd5 $1 {which would normally be a
logical "Hector-move". Now Black should go for} Rg6 26. Qh8+ Rg8 {and White
has the choice to go for an immediate draw by} 27. Qf6 ({or play on after} 27.
Rxd4 Qg6 (27... Qxg3+ 28. hxg3 Rxh8 $11 29. Red1 $36 {gives White a slight
initiative in the endgame although Black should be able to make a draw.}) 28.
Qf6 Qxf6 29. exf6 Rg6 30. Rf4 Rxc2 31. Rd1 $11 {the game tends to enter a
theoretically drawn endgame pretty soon but it's still a bit tricky for Black.}
) 27... Rg6 $11) 25... Rg8 26. Qh7 $4 {A horrible move which more or less
loses the game straight away.} ({After} 26. Qxh6 Rxc2 $36 {Black has a
pleasant position but White should be able to hold a draw with correct defence}
{Both} 27. Rf1 ({and} 27. Qh7 Qg6 28. Qxg6 Rxg6 $11 {are about equal.})) 26...
Rg6 $1 {Now the queen on h7 is trapped and White is totally hopeless as there
is not even a way to get the queen out by sacrificing a pawn.} 27. Rb4 {
Playing for tricks but Black has a good and simple reply.} Ke7 28. Rb2 Qf5 {
Threatening ...Rxg3+. This trick in addition to the trapped queen on h7 is
more than White's position can bear.} 29. Kf1 Qf3 30. Rb3 (30. h4 {intending
h5 is well met by} {or} Rc3 $1 31. h5 (31. Rb3 d3 32. cxd3 Rc2 $19) 31... Re3
$1 $19) 30... Qh1+ 31. Ke2 Qe4+ (31... Rxc2+ 32. Kd1 (32. Kd3 Qc6 $19) 32...
Qc6 $19) 32. Kf1 Qh1+ 33. Ke2 Qa8 {Threatening ...Rh8 winning the queen.} 34.
Ra3 a5 35. Rf3 Qe4+ 0-1

[Event "POL-ch 52nd"]
[Site "Warsaw"]
[Date "1995.??.??"]
[Round "3"]
[White "Macieja, Bartlomiej"]
[Black "Socko, Bartosz"]
[Result "0-1"]
[WhiteElo "2440"]
[BlackElo "2385"]
[Annotator "Bulletin"]
[PlyCount "100"]
[EventDate "1995.02.11"]
[EventType "tourn"]
[EventRounds "17"]
[EventCountry "POL"]
[EventCategory "8"]
[SourceTitle "EXT 1999"]
[Source "ChessBase"]
[SourceDate "1998.11.16"]
[SourceVersion "1"]
[SourceVersionDate "1998.11.16"]
[SourceQuality "1"]

1. e4 e6 2. Nc3 d5 3. d4 Bb4 4. e5 c5 5. Bd2 cxd4 6. Nb5 Bxd2+ 7. Qxd2 Nc6 8.
Nf3 f6 9. Qf4 fxe5 10. Nxe5 Nf6 11. Nxc6 bxc6 12. Nc7+ Kf7 13. O-O-O $5 (13.
Nxa8 e5) 13... g5 14. Qe5 Rb8 15. Be2 $2 (15. Ne8 $1) 15... Rb7 16. Na6 Qa5 17.
Rd3 $2 Qxa2 (17... Qxa6 $2 18. Rf3) 18. Rf3 Qxb2+ 19. Kd2 d3 $1 20. Rxf6+ Ke7
21. Rxe6+ (21. Qxb2 Rxb2) 21... Bxe6 22. Qxg5+ Qf6 23. Qxf6+ Kxf6 24. Bxd3 Bf5
25. Nc5 Rg7 26. g3 Bxd3 27. Kxd3 Ke5 28. Ra1 Kd6 29. Nb3 Rb8 30. Nd4 Rf7 31. f4
c5 32. Nf3 Rb2 33. Ne5 Rfb7 34. Nf3 Rb1 35. Ra6+ R1b6 36. Ra1 a6 37. Nh4 Ra7
38. Re1 Kc6 39. Nf5 Rd7 40. Ne7+ Kb7 41. Re5 Rb4 42. Ng8 d4 43. Rxc5 Rc7 44.
Rxc7+ Kxc7 45. Nf6 Kd6 46. c3 dxc3 47. Kxc3 Rb7 48. Ne4+ Kd5 49. Nf6+ Kc6 50.
g4 a5 0-1

[Event "GER-ARM"]
[Site "Baden-Baden"]
[Date "1996.??.??"]
[Round "1"]
[White "Movsesian, Sergei"]
[Black "Kindermann, Stefan"]
[Result "1-0"]
[WhiteElo "2635"]
[BlackElo "2530"]
[Annotator "ChessBase"]
[PlyCount "69"]
[EventDate "1996.07.31"]
[EventType "match"]
[EventRounds "4"]
[EventCountry "GER"]
[SourceTitle "CBM 055"]
[Source "ChessBase"]
[SourceDate "1996.12.01"]
[SourceVersion "1"]
[SourceVersionDate "1996.12.01"]
[SourceQuality "1"]
[WhiteTeam "Armenia"]
[BlackTeam "Germany"]
[WhiteTeamCountry "ARM"]
[BlackTeamCountry "GER"]

1. e4 e6 2. d4 d5 3. Nc3 Bb4 4. e5 c5 5. Bd2 Ne7 6. dxc5 Bxc5 (6... Nbc6 $142)
7. Na4 Bb6 8. Qg4 O-O 9. Nxb6 Qxb6 10. O-O-O Nbc6 11. Nf3 f6 12. exf6 Rxf6 13.
Qh5 e5 (13... Bd7 $6 14. Bd3 h6 15. Bc3 $16) 14. Nxe5 Rf5 (14... g6 15. Qe2
Rxf2 16. Qe1 $16) 15. Bg5 (15. Qe8+ Rf8 16. Qh5 Rf5 $10) 15... g6 (15... h6 16.
Nxc6 Nxc6 17. g4 Re5 (17... Rxg5 18. Qe8+ Kh7 19. Bd3+ g6 20. Qf7+ Kh8 21. Bxg6
$16) 18. f4 $16) 16. Nxc6 gxh5 17. Nxe7+ Kf7 18. Nxf5 Bxf5 19. Bd3 Qg6 (19...
Bg6 $1 $14 {Yusupov}) 20. h4 Re8 (20... Rc8 21. Rh3 $1) 21. Bxf5 Qxf5 22. Rh3
Qd7 23. Rf3+ Kg8 24. b3 Qc6 25. Be3 Re4 26. Rf5 d4 27. Bxd4 Re2 28. Rc5 Qe4 29.
Rd3 Qf4+ 30. Kb2 Qxh4 31. Rc7 Re6 32. Bc3 Re7 33. Rg3+ Kf8 34. Rf3+ Ke8 35.
Rxe7+ 1-0